|
|
|
|
| LEADER |
00000cam a2200000 a 4500 |
| 001 |
1/122736 |
| 008 |
210304s1959####cy | ||| |||| ||gre|| |
| 040 |
|
|
|a GR-MyUa
|b gre
|c GR-MyUa
|e AACR2
|
| 041 |
0 |
|
|a gre
|
| 082 |
7 |
|
|a 889.18
|2 (23)
|
| 100 |
1 |
|
|a Πυλιώτης, Αχιλλέας,
|d 1923-
|
| 245 |
1 |
0 |
|a Φωνή μέσ' απ' τη γη μας /
|c Αχιλλέα Πυλιώτη.
|
| 260 |
|
|
|a Κύπρος :
|b [χ.ό.],
|c [1959].
|
| 300 |
|
|
|a 43 σ. ;
|c 25 εκ.
|
| 650 |
|
0 |
|a Cyprian poetry.
|
| 650 |
|
0 |
|a Greek poetry, Modern
|z Cyprus.
|
| 650 |
|
0 |
|a Greek poetry, Modern
|y 20th century.
|
| 852 |
|
|
|a INST
|b RHODES
|e 20210304
|h 889.18 ΠΥΛ
|p 005400041978
|q 005400041978
|t BK
|y 0
|
| 970 |
|
|
|a Μαρία
|b Κωτάκου
|z 4-3-2021
|